| 000 | 00868nam a2200253 a 4500 | ||
|---|---|---|---|
| 001 | 24288 | ||
| 003 | CO-ViMGA | ||
| 008 | 141112s2004 ck r 000 u spa d | ||
| 015 | _ack - 2011 - xxxx | ||
| 020 | _a9789584536204 | ||
| 040 |
_aCO-ViMGA _bspa _cCO-ViMGA |
||
| 082 | 0 | 4 | _aI 372.21 L621c |
| 100 | 1 |
_aLoeber Suárez, Andrea _935482 |
|
| 245 | 1 | 0 |
_aLa casa de Mickey Mouse : _bcalca y colorea / _c[edición y textos, Andrea Loeber Suárez ; diseño y diagramación, Andrea Rincón Granados |
| 260 |
_aBogotá : _bNorma, _c2011 |
||
| 300 | _a[16] p. : il. ; 28 cm. | ||
| 490 | _aDisney junior | ||
| 500 | _aIncluye colgante para puertas | ||
| 598 | _aNEW - GRAL | ||
| 650 | 1 | 4 |
_aDibujo - Enseñanza preeecolar _935483 |
| 700 | 1 |
_aRincón Granados, Andrea _935484 |
|
| 942 |
_2ddc _cBK |
||
| 990 | _aEditorial Norma S.A. 2 ejemplares 21 09/11/2011 n a785898 | ||
| 999 |
_c32285 _d32285 |
||